Speak up : giao tiếp tiếng Anh tự tin trong mọi tình huống . Trình độ trung cấp. Trung cấp /
Quyển sách gồm 12 unit với những nội dung chính như sau: Shopping; Transport; Health; Study;...
Đã lưu trong:
| 主要作者: | |
|---|---|
| 其他作者: | |
| 格式: | 图书 |
| 语言: | English |
| 出版: |
Hồ Chí Minh :
Tổng hợp TP. HCM,
2010.
|
| 主题: | |
| 标签: |
添加标签
没有标签, 成为第一个标记此记录!
|
| Thư viện lưu trữ: | Mạng thư viện Đại học Đà Nẵng |
|---|
| LEADER | 01440nam a22003611a 4500 | ||
|---|---|---|---|
| 001 | 000035255 | ||
| 003 | 11532 | ||
| 005 | 20221129093144.0 | ||
| 008 | 151109s2010 000 eng | ||
| 020 | |c 96000 | ||
| 041 | |a eng | ||
| 082 | |a 428.0076 |b Sp-U | ||
| 100 | |a Tưởng Tổ Khang | ||
| 242 | 0 | |a Speak up Giao tiếp -- Tiếng Anh | |
| 245 | 0 | |a Speak up : giao tiếp tiếng Anh tự tin trong mọi tình huống . Trình độ trung cấp. |n Trung cấp / |c Tưởng Tổ Khang (Chủ biên),...[và những người khác]. | |
| 260 | |a Hồ Chí Minh : |b Tổng hợp TP. HCM, |c 2010. | ||
| 300 | |a 193 tr. ; |c 26 cm+CD. | ||
| 520 | |a Quyển sách gồm 12 unit với những nội dung chính như sau: Shopping; Transport; Health; Study;... | ||
| 653 | |a Tiếng anh -Ngoại ngữ | ||
| 653 | |a Ngữ pháp tiếng Anh | ||
| 653 | |a Ngoại ngữ | ||
| 653 | |a Speak up . Giao tiếp . Tiếng Anh | ||
| 700 | |a ...[và những người khác] | ||
| OWN | |a LNN | ||
| AVA | |a UDN50 |b LNN |c English |d 428.0076Sp-U |e check_holdings |t Error 5003 Not defined in file expand_doc_bib_avail. |h N |j AN | ||
| 999 | |a From the UDN01 | ||
| AVA | |a UDN50 |b LNN |c English |d 428.0076Sp-U |e available |t Error 5001 Not defined in file expand_doc_bib_avail. |f 11 |g 0 |h N |i 8 |j AN | ||
| TYP | |a Monograph | ||
| TYP | |a Printed language | ||
| 980 | |a Mạng thư viện Đại học Đà Nẵng | ||